Calendari 2016 : millorem el medi ambient millorem el medi ambient
Descripción Física:
1 calendari ; 16 x 16 cm
Materias:
Calendaris
Idioma:
Catalán
MARC
| LEADER | 00000nam a22000007a 4500 | ||
|---|---|---|---|
| 001 | 25721 | ||
| 008 | 220531b spa||||| |||| 00| 0 cat d | ||
| 080 | |a NBM-13-177 | ||
| 245 | |a Calendari 2016 : |b millorem el medi ambient | ||
| 260 | |a Barcelona : |b Diputació de Barcelona, |c 2015 | ||
| 300 | |a 1 calendari ; |c 16 x 16 cm | ||
| 655 | 0 | |9 52767 |a Calendaris | |
| 710 | 1 | |a Barcelona (Catalunya : Província). |b Diputació |9 52408 | |
| 942 | |2 udc |c ARXIU |n 1 | ||
| 952 | |0 0 |1 0 |4 0 |6 NBM13177 |7 1 |9 62112 |a Arxiu |b Arxiu |d 2022-05-31 |l 0 |o NBM-13-177 |p 25721 |r 2022-05-31 00:00:00 |w 2022-05-31 |y ARXIU | ||
| 999 | |c 81817 |d 81817 | ||